Statistics for Ariana Grande - bloodline (lyrics)

Click here to take the quiz!

General Stats

  • This quiz has been taken 337 times
  • The average score is 180 of 225

Answer Stats

Answer% Correct
Do
98%
I
98%
A
96%
You,
96%
You
96%
In
95%
To
94%
Me
93%
Me,
93%
Bloodline,
92%
Go
92%
Go,
92%
Want,
92%
Want
92%
My
91%
Don't
90%
Don't,
90%
Then
88%
For
87%
For,
87%
The
87%
It,
86%
It
86%
No
86%
No,
86%
But
85%
Know
85%
Know?
85%
Yeah,
85%
Yeah
85%
Need
84%
Need,
84%
Have
83%
I'm
83%
Let
83%
Love
83%
Time,
83%
Time
83%
Be
82%
Can
82%
Just
82%
Shit
82%
So
82%
That
82%
Think,
81%
Think
81%
Apologize,
80%
Baby
80%
Good
80%
Got
80%
This
80%
One
78%
Leave
77%
You're
76%
Wanna
75%
Take
74%
Even
73%
Or
73%
And
72%
Bad
72%
It's
72%
Like
72%
Are
71%
Down?
70%
Down,
70%
Feelin'
70%
Gon'
70%
Lookin'
70%
Thinkin'
70%
Though
70%
Ain't
69%
Gotta
69%
Incredible
69%
Show
69%
What
69%
Boy,
68%
Not
68%
Yuh
68%
Can't
67%
Won't
67%
Trying
66%
Tryna
66%
All
65%
Find
65%
Make
65%
Mind
65%
Mine,
65%
Satisfy
65%
From
64%
See
64%
Get
63%
Say
63%
Something
62%
Best
61%
True
61%
Would
61%
Away
60%
They
60%
Complete
59%
Thank
59%
Maybe
58%
Nothin'
58%
Linkin'?
57%
Next
55%
Ship
55%
We
55%
Day
54%
Looking
54%
Sailed
54%
Put
53%
Talking
53%
Because
50%
Uh
48%
Mm,
34%

Score Distribution

Percentile by Number Answered

Percent of People with Each Score

Your Score History

You have not taken this quiz